Living in the environment / (Record no. 15854)

000 -LEADER
fixed length control field 00444pam a2200169 a 4500
020 ## - INTERNATIONAL STANDARD BOOK NUMBER
ISBN 0534009948
040 ## - CATALOGING SOURCE
Transcribing agency DLC
082 00 - DEWEY DECIMAL CLASSIFICATION NUMBER
Classification number 304 WAD 1982 A079 Or.
100 1# - MAIN ENTRY--AUTHOR NAME
Personal name Miller, G. Tyler
245 10 - TITLE STATEMENT
Title Living in the environment /
250 ## - EDITION STATEMENT
Edition statement 3rd ed.
260 ## - PUBLICATION, DISTRIBUTION, ETC. (IMPRINT)
Place of publication Belmont, Calif. :
Name of publisher Wadsworth Pub. Co.,
Year of publication c1982.
300 ## - PHYSICAL DESCRIPTION
Number of Pages xv, 500, [162] p. :
Other physical details ill. ;
Dimensions 26 cm.
650 #0 - SUBJECT ADDED ENTRY--TOPICAL TERM
Topical Term Human ecology.
650 #0 - SUBJECT ADDED ENTRY--TOPICAL TERM
Topical Term Environmental policy.
942 ## - ADDED ENTRY ELEMENTS (KOHA)
Koha item type សៀវភៅភាសាអង់គ្លេស
952 ## - LOCATION AND ITEM INFORMATION (KOHA)
Withdrawn status [LOCAL, KOHA] 0
Holdings
Permanent Location Date acquired Koha item type Lost status Shelving location Barcode Current Location Full call number
Library Block A2017-12-13សៀវភៅភាសាអង់គ្លេស A089A09052Library Block A304 WAD 1982 A089 Or.
មជ្ឈមណ្ឌលឯការនៃសាកលវិទ្យាល័យភូមិន្ទកសិកម្មចំការដូង

Powered by Koha